हिन्दी अखबारों की भाषा (Record no. 7541)

MARC details
000 -LEADER
fixed length control field 00617 a2200181 4500
001 - CONTROL NUMBER
control field 133639
003 - CONTROL NUMBER IDENTIFIER
control field OSt
005 - DATE AND TIME OF LATEST TRANSACTION
control field 20220120153958.0
008 - FIXED-LENGTH DATA ELEMENTS--GENERAL INFORMATION
fixed length control field
020 ## - INTERNATIONAL STANDARD BOOK NUMBER
International Standard Book Number 9788179754207
082 ## - DEWEY DECIMAL CLASSIFICATION NUMBER
Classification number 079.54
Item number M31H
100 1# - MAIN ENTRY--PERSONAL NAME
Personal name मान, आर. के.
245 1# - TITLE STATEMENT
Title हिन्दी अखबारों की भाषा
Statement of responsibility, etc by आर. के. मान
260 ## - PUBLICATION, DISTRIBUTION, ETC. (IMPRINT)
Place of publication, distribution, etc नई दिल्ली
Name of publisher, distributor, etc अनामिका पब्लिशर्स
Date of publication, distribution, etc 2011
300 ## - PHYSICAL DESCRIPTION
Extent 223p.
690 ## - LOCAL SUBJECT ADDED ENTRY--TOPICAL TERM (OCLC, RLIN)
Topical term or geographic name as entry element हिन्दी साहित्य; हिन्दी अखबार
942 ## - ADDED ENTRY ELEMENTS (KOHA)
Source of classification or shelving scheme Dewey Decimal Classification
Koha item type Books
Holdings
Withdrawn status Lost status Source of classification or shelving scheme Damaged status Not for loan Collection code Home library Current library Date acquired Source of acquisition Cost, normal purchase price Full call number Barcode Date last seen Price effective from Koha item type
    Dewey Decimal Classification     General Text Book Central University Of Rajasthan Central University Of Rajasthan 09/10/2012 HND 450.00 079.54 M31H 10124 21/11/2024 02/09/2020 Books